000
00278nam a2200121Ia 4500
008
190802s9999 xx 000 0 und d
020
_a
969-519-088-X
100
_a
Martin Lings
245
0
_a
Muhammad
260
_a
Lahore
_b
Suhail Academy
_c
2005
300
_a
362:p
942
_c
BK
999
_c
2459
_d
2459